| 000 | 00743nam a2200265Ia 4500 | ||
|---|---|---|---|
| 001 | dia_2644 | ||
| 003 | CHAP | ||
| 005 | 20230531091104.0 | ||
| 008 | 220117s1979 xx 000 0 und d | ||
| 010 | _a173163 | ||
| 020 | _a0-87055-269-4 | ||
| 040 | _cCHAP | ||
| 082 | _a663.93 S5 | ||
| 100 |
_aSivetz, Michael _9106804 |
||
| 245 |
_aCoffee Technology / _c Michael Sivetz y Norman W. Desrosier |
||
| 260 |
_aConnecticut, U. S. A. : _b AVI, _c1979 |
||
| 300 | _aIv, 716 p. | ||
| 503 | _aS/c | ||
| 650 |
_a1.Café _xprocesamiento _9153300 |
||
| 700 |
_aI. Desrosier, Norman W., coaut. _9153301 |
||
| 901 | _a663.93 S5 | ||
| 902 | _aM | ||
| 905 | _a0000001979 -usadmn0000000000eng00 | ||
| 942 |
_cLIBRO _2ddc |
||
| 999 |
_c173163 _d173163 |
||